000 00276nam a2200109Ia 4500
008 220204s9999 xx 000 0 und d
082 _a82-3
_bJOH
100 _aJohns, W E
245 0 _aBiggles and the black raider
260 _aLondon
_bHodder and Stoughton
_c1970
942 _cBK
999 _c32215
_d32215